| 000 | 00414cam a2200169ua 4500 | ||
|---|---|---|---|
| 003 | OSt | ||
| 008 | 250415b |||||||| |||| 00| 0 eng d | ||
| 041 | _aeng | ||
| 082 |
_a613 _bGEF/HY |
||
| 100 |
_aGeffen , Dennis.H . _97406 |
||
| 245 | _aHygiene, Infectious Diseases and Dieteties / | ||
| 250 | _a1 / | ||
| 260 |
_a : _bLongman , _c1952. |
||
| 300 | _a276 ; . | ||
| 700 | 1 |
_aTracy, Susan . _97407 |
|
| 942 | _cBK | ||
| 999 |
_c755 _d755 |
||